English for logistics /

Bewaard in:
Bibliografische gegevens
Hoofdauteur: Grussendorf, Marion.
Formaat: Onbekend
Taal:English
Gepubliceerd in: Oxford ; New York : Oxford University Press, c2009.
Reeks:Oxford business English
Express series
Onderwerpen:
Tags: Voeg label toe
Geen labels, Wees de eerste die dit record labelt!
Thư viện lưu trữ: Mạng thư viện Đại học Đà Nẵng
LEADER 01580na a2200361 4500
001 000030486
003 4067
005 20251001152443.0
008 151001s2009 000 eng
020 |a 0194579476 
020 |a 9780194579469 
040 |a lnn  |c lnn  |d lnn 
082 0 0 |a 428.2  |b GR-M 
100 1 |a Grussendorf, Marion. 
245 1 0 |a English for logistics /  |c Marion Grussendorf. 
260 |a Oxford ;  |a New York :  |b Oxford University Press,  |c c2009. 
300 |a 94 p. :  |b col. ill. ;  |c 26 cm. 
490 0 |a Oxford business English 
490 0 |a Express series 
538 |a System requirements for CD-ROM: Windows 2000/XP running Internet Explorer 5.5 or similar web browser with the latest Flash plugin ; Mac OS X running Safari or similar web browser with the latest Flash plugin. 
650 0 |a English language  |x Business English  |v Textbooks for foreign speakers. 
650 0 |a English language  |x Business English  |v Problems, exercises, etc. 
650 0 |a English language  |x Business English  |x Study and teaching  |x Foreign speakers. 
650 0 |a English language  |v Sound recordings for foreign speakers. 
650 0 |a Logistics. 
OWN |a LNN 
AVA |a UDN50  |b LNN  |c English  |d 428.2GR-M  |e available  |t Error 5001 Not defined in file expand_doc_bib_avail.  |f 2  |g 0  |h N  |i 0  |j AN  |k 1 
999 |a From the UDN01 
AVA |a UDN50  |b LNN  |c English  |d 428.2GR-M  |e available  |t Error 5001 Not defined in file expand_doc_bib_avail.  |f 2  |g 0  |h N  |i 0  |j AN  |k 1 
TYP |a Printed language 
980 |a Mạng thư viện Đại học Đà Nẵng